| 000 | 00753nam a2200277Ia 4500 | ||
|---|---|---|---|
| 003 | OSt | ||
| 005 | 20220912151347.0 | ||
| 006 | a|||||r|||| 00| 0 | ||
| 007 | ta | ||
| 008 | 220909b |||||||| |||| 00| 0 eng d | ||
| 024 | _a54714 | ||
| 037 | _cTextual | ||
| 040 |
_aCSL _beng _cCSL |
||
| 041 | _aeng | ||
| 082 | _aK9B,9793, M6 | ||
| 100 | _aHogan Brigid | ||
| 245 | 0 | _aManipulating the mouse embryo: A laboratory manual | |
| 260 |
_aNew York _b CSH Press _c1986 |
||
| 300 |
_aix, 332p. _ccm. |
||
| 650 | _a Embryology | ||
| 650 | _aZoology | ||
| 700 | _a Costantini Frank | ||
| 700 | _a Lacy Elizeth | ||
| 942 |
_hK9B,9793, M6 _cTEXL _2CC |
||
| 999 |
_c66970 _d66970 |
||